000 00573nam a2200205Ia 4500
008 180207s9999 xx 000 0 und d
020 _a9789715906791
050 _bD125 2009
100 _aDages, Juliette Garesche
245 _aLearning about virtues :
245 _ba guide to making good choices /
245 _cby Juliette Garesche Dages ; illustrated by R. W. Alley.
260 _aNew York :
260 _bAbbey Press,
260 _c2009
300 _aunpaged :
300 _bcolor illustration ;
300 _c20cm.
440 _aElf-help books for kids.
999 _c355523
_d355523